00497nam a2200145Ia 4500008004100000041001200041082001100053100001900064245009000083260000600173650000700179942000700186999001700193952014100210221030s9999 xx 000 0 und d aEnglish a105.23 aJ. M. Nicholas 0aProject Management For Business & Technology Principles & Practicecby J. M. Nicholas c0 aMb cBK c10424d10424 pMB 19l0o105.23 r2022-10-30 00:00:00w2022-10-30yBK003Print4070aMIETLIBbMIETLIBcBL-, FL-, CUP-0, SH-0, R-0d2012-05-2610HMBA